Coldplay - A Sky Full of Stars (All Lyrics) - Statistics

General Stats
  • This quiz has been taken 280 times
  • The average score is 138 of 178
Answer Stats
Answer % Correct
sky
100%
stars
100%
full
99%
of
99%
a
98%
I
97%
you
97%
'Cause
89%
'cause
89%
your
89%
you're
86%
You're
86%
my
82%
give
81%
heart
80%
think
78%
do
77%
go
77%
the
77%
don't
76%
in
76%
care
74%
I'm
74%
me
74%
and
73%
if
72%
saw
71%
apart
70%
gonna
70%
oh
68%
oh)
68%
oh-oh
68%
oh-oh-oh
68%
on
67%
light
66%
tear
65%
up
65%
see
63%
wanna
58%
it
47%
ooh
47%
ooh-ooh
47%
ooh-ooh-ooh
47%
Ooh-ooh-ooh
47%
(Ooh-ooh-ooh
47%
Ooh-ooh-ooh)
47%
arms
43%
die
43%
dark
41%
get
39%
path
38%
(Yeah
38%
yeah
38%
heavenly
37%
Such
35%
such
35%
gets
33%
view
32%
more
31%
lighter
23%
No matching quizzes found
Score Distribution
Percent of People with Each Score
Percentile by Number Answered
Your Score History
You have not taken this quiz